000 00593nam a2200169 a 4500
001 000039788
005 20201002033732.0
008 130719s2011 sp 000 0 spa d
020 _a9788484495732
040 _aDO-SdBNP
_bspa
_cBNPHU
100 1 _aCañete Quesada, Carmen
_965984
245 1 3 _aEl exilio español ante los programas de identidad cultural en el Caribe insular (1934-1956).
260 _aMadrid :
_bIberoamericana,
_c2011.
300 _a267 p. ;
_c25 cm.
504 _aBibliografía : p. 245 - 267
504 _aIncluye referencias bibliográficas y notas al pie de las páginas
999 _c39278
_d39278